000 00294nam a22001337a 4500
008 170721b xxu||||| |||| 00| 0 eng d
020 _a04710444717
041 _aeng
080 _a004
100 _a28
101 _aSHKI
245 _aNETWORK FLOW PROGRAMMING
_cJENSEN, P.A
942 _2udc
_cBK
999 _c21723
_d21723